Szczegóły MARC21

Minna von Barnhelm oder das Soldatenglück : ein Lustspiel in fünf Aufzügen /

003 -Nazwa inst., której nr kontr. jest w polu 001 [,]
    • @
    • Nazwa instytucji, której n kontrolny jest w polu 001
    • NUKAT
005 -DATA I CZAS OSTATNIEJ MODYFIKACJI [,]
    • @
    • pole kontrolne
    • 20241231094919.0
040 -Instytucja sporządzająca opis [ , ]
    • a
    • Instytucja, która sporządziła opis (NP)
    • SZCZ U/AB
    • b
    • Język katalogowania
    • pol
    • e
    • Zasady katalogowania
    • rda
    • c
    • Instytucja, która sporządziła rekord (NP)
    • SZCZ U/ABs
942 -Rodzaj dokumentu [ , ]
    • c
    • Rodzaj dokumentu
    • Książka
100 -Hasło główne - nazwa osobowa [1, ]
    • a
    • Nazwa osobowa (NP)
    • Lessing, Gotthold Ephraim
    • d
    • Daty biograficzne (NP)
    • (1729-1781).
    • e
    • Rodzaj współpracy
    • Autor
    • 9
    • KHW
    • 19639
240 -Tytuł ujednolicony [1,0]
    • a
    • Tytuł ujednolicony
    • Minna von Barnhelm
    • l
    • Język tekstu
    • (niem.)
    • 9
    • KHW
    • 401903
245 -Strefa tytułu i oznaczenia odpowiedzialności [1,0]
    • a
    • Tytuł
    • Minna von Barnhelm oder das Soldatenglück : Find
    • b
    • Ciąg dalszy tytułu (NP)
    • ein Lustspiel in fünf Aufzügen / Find
    • c
    • Pozostałe elementy strefy tytułu i oznaczenia odpowiedzialności (NP)
    • von Lessing.
260 -Strefa adresu wydawniczego [ , ]
    • a
    • Miejsce wydania (P)
    • Paderborn :
    • b
    • Nazwa wydawcy (P)
    • Ferdinand Schöningh,
    • c
    • Data wydania (P)
    • © 1957.
300 -Strefa opisu fizycznego [ , ]
    • a
    • Określenie formy książki i/lub objętość (NP)
    • 96 stron ;
    • c
    • Format (NP)
    • 18 cm.
336 -Typ zawartości [ , ]
    • a
    • Termin opisujący typ zawartości
    • Tekst
    • b
    • Kod określający zawartość
    • txt
    • 2
    • Źródło (terminu i kodu)
    • rdacontent
337 -Typ mediów [ , ]
    • a
    • Tryb odtwarzania
    • Bez urządzenia pośredniczącego
    • b
    • Kod typu mediów
    • n
    • 2
    • Źródło (terminu i kodu)
    • rdamedia
338 -Typ/rodzaj nośnika [ , ]
    • a
    • Hasło opisujące typ nośnika
    • Wolumin
    • b
    • Kod typu nośnika
    • nc
    • 2
    • Źródło (terminu i kodu)
    • rdacarrier
380 -Deskryptor - Forma dzieła (P) [ , ]
    • a
    • forma dzieła (NP)
    • Dramat (rodzaj)
080 -Uniwersalna Klasyfikacja Dziesiętna [ , ]
    • a
    • Symbol klasyfikacji
    • 821.112.2-2
    • 2
    • Identyfikator wydania tablic
    • UDC-P058
    • 9
    • UKD
    • 16514
    • b
    • Dopowiedzenie
    • Literatura niemiecka. - Utwory dramatyczne. Scenariusze filmowe.
    • 4
    • UKD2
    • 7631
    • x
    • Poddział wspólny
    • =112.2
    • c
    • Dopowiedzenie poddz. wspólnego
    • =Język niemiecki (wysokoniemiecki, standardowy niemiecki).
655 -Hasło w funkcji tematu formalnego [ ,7]
    • a
    • Hasło
    • Komedia niemiecka
    • y
    • Określnik chronologiczny
    • 18 w.
    • 2
    • Źródło terminu
    • kaba
    • 9
    • KHW
    • 401793
980 -Symbol UKD [ , ]
    • a
    • UKD
    • 821.112.2-2=112.2
710 -Hasło dodatkowe - nazwa ciała zbiorowego [2, ]
    • a
    • Nazwa ciała zbiorowego lub nazwa geograficzna jako pierwszy element (NP)
    • Ferdinand Schöningh.
    • e
    • Rodzaj współpracy
    • Wydawca
    • 4
    • Kod relacji
    • pbl
    • 9
    • KHW
    • 87805
Sygnatura Status udost. Numer inwentarzowy Data inwentaryzacji Lokalizacja
Z.950661Z.950662000-01-04BG
 2G.119471996-08-13BM
Germ. Dramat niemiecki-3G.7317 BM